Jarmok dievčat

Bibliographic Details
Main Author: Jasusch, Anton, 1882-1965 (Author)
Format: Article
Language:Slovak
Subjects:

MARC

LEADER 00000nab a22000001a 4500
001 vtls009003620
003 SK-MaSNL
005 20260303065600.0
008 070628d1924 xo |r|p|||| |000 b|slo
015 |a SNBRRBVU1918-1938 
038 |a SNKBUCL 
038 |a SNKBUVU 
040 |a SNKBUVU  |b slo  |c SNKBUCL  |e AACR2 
041 0 |a slo 
044 |a xo  |c SK 
080 |a 75.051:75.021.32  |2 1997 
080 |a 75.021.32  |2 1997 
100 1 |a Jasusch, Anton,  |d 1882-1965  |4 aut  |9 194530 
245 1 0 |a Jarmok dievčat  |c Anton Jaszusch 
650 0 7 |a slovenské maliarstvo  |2 MM  |9 3124 
650 0 7 |a maľby  |2 MM  |9 313520 
655 7 |a reprodukcie výtvarných diel  |2 MM  |9 310790 
773 0 |t Vatra  |g Roč. 6, č. 3 (1924), s. 63 
852 |a SNK  |b KIS3GCP 
910 |a snkrbvumm 
958 |a VY 
999 |c 1751793  |d 1753723